00605 2200193 4500001002100000005001500021035002000036007000300056008004100059020002200100082000800122084001400130245007600144260005400220300004200274100002700316250001500343650005300358INLIS00000000000004820231102023359 a0010-1123000036ta231102 0 ind  a978-602-224-298-1 a410 a410 MAY b1 aBahasa Indonesia SMP Kelas VIII /cMaya Lestari Gusfitri., Elly Delfia; aJakarta; :bPusat kurikulum dan pembukuan;,c2021 axii, 204 hlm. :bilus ;c17,6 x 25 cm0 aMaya Lestari Gusfitri; acet 1 2021 4aBuku cetak pelajaran Bahasa Indonesia kelas VIII